Statistics for Months of the Year Backwards in 15 Seconds

Click here to take the quiz!

General Stats

  • This quiz has been taken 15 times
  • The average score is 8 of 12

Answer Stats

Month% Correct
December
91%
November
91%
October
82%
September
82%
August
73%
July
73%
June
73%
May
64%
April
55%
February
55%
January
45%
March
45%

Score Distribution

Percentile by Number Answered

Percent of People with Each Score

Your Score History

You have not taken this quiz